| 000 | 01333 a2200253 4500 | ||
|---|---|---|---|
| 001 | 29312 | ||
| 005 | 20260407155602.0 | ||
| 008 | 260407a2004 arg spa d | ||
| 003 | AR-UNSa-BCEJYS | ||
| 040 |
_aAR-UNSa-BCEJYS _bspa _cAR-UNSa-BCEJYS |
||
| 080 |
_a347 _xDerecho Civil |
||
| 245 | 1 | 0 |
_aManual de derecho civil _pparte general |
| 020 | _a950-20-1568-1 | ||
| 250 | _a21a. ed. | ||
| 264 | 1 |
_aBuenos Aires : _bAbeledo Perrot _c2004 |
|
| 300 |
_a573 p. _c22 cm. |
||
| 505 | _a1. El derecho - 2. Fuentes del derecho civil - 3. El código civil - 4. Efectos de la ley con relación al tiempo - 5. Interpretación y aplicación de la ley - 6. Principio y fin de la existencia de las personas - 7. Atributos de la personalidad - 8. Los incapaces - 9. Personas jurídicas - 10. El patrimonio - 11. Teoría general de los hechos y actos jurídico - 12. Forma de los actos jurídicos - 13. Modalidades de los actos jurídicos - 14. Vicios de los actos jurídicos - 15. Nulidad de los actos jurídicos - 16. Extinción de las relaciones jurídicas | ||
| 041 | _aspa | ||
| 942 | _cBK | ||
| 590 | _aniveau_biblio:m niveau_hierar:0 | ||
| 100 | 1 | _aBorda, Guillermo Julio | |
| 700 | 1 | _aBorda, Guillermo A. | |
| 856 | 4 | 1 |
_uhttps://biblioeco.unsa.edu.ar/pmb/images/libros/Manual de Derecho Civil-l87752.jpg _yImagen de portada _qimage/jpeg |
| 999 |
_c1850 _d1850 |
||